Biblioteca "Ernesto Sabato"
Facultad de Derecho y Ciencias Sociales
Facultad de Lenguas
Universidad Nacional del Comahue

Multiculturalismo, o la lógica cultural del capitalismo multinacional (Record no. 22981)

MARC details
000 -CABECERA
campo de control de longitud fija 00642caa a22001572a 4500
001 - NÚMERO DE CONTROL
campo de control 017232
003 - IDENTIFICADOR DEL NÚMERO DE CONTROL
campo de control AR-FADEU
008 - DATOS DE LONGITUD FIJA--INFORMACIÓN GENERAL
campo de control de longitud fija 311216n########xxu####################dd
092 ## - ASIGNACIÓN LOCAL DE SIGNATURA TOPOGRÁFICA DEWEY (OCLC)
Número de clasificación 306
Número de documento/Ítem J31
100 ## - ENTRADA PRINCIPAL--NOMBRE DE PERSONA
Nombre de persona Zizek, Slavoj
245 ## - MENCIÓN DE TÍTULO
Título Multiculturalismo, o la lógica cultural del capitalismo multinacional
300 ## - DESCRIPCIÓN FÍSICA
Extensión PP. 137-188
500 ## - NOTA GENERAL
Nota general En: Estudios Culturales, reflexiones sobre el multiculturalismo / Fredric Jameson. Buenos Aires : Paidós, 2001
773 0# - ENLACE AL DOCUMENTO FUENTE/ENTRADA DE REGISTRO ANFITRIÓN
Número bibliográfico anfitrión 22978
Número de ítem anfitrión 22774
Encabezamiento principal Jameson, Fredric
Edición
Lugar, editor y fecha de publicación Buenos Aires
Otro identificador del documento 2060
Título Estudios Culturales, reflexiones sobre el multiculturalismo
Número de control del registro ( AR-FADEU) 017229
Número Internacional Normalizado para Publicaciones Seriadas
Número Internacional Estándar del Libro 950-12-6506-4
942 ## - ELEMENTOS DE PUNTO DE ACCESO ADICIONAL (KOHA)
Tipo de ítem Koha BDGR

No items available.

Facultad de Derecho y Ciencias Sociales | Universidad Nacional del Comahue | Mendoza y Perú General Roca | Río Negro CP (8332) | Patagonia Argentina | Teléfono: 54-0298-4433670 | | Fax: 0298-4432093 | Fax alumnos: 0298-4435700